00430nam a2200157Ia 4500008004100000020001800041082001500059100001400074245006500088250000600153260003000159300001700189500002500206650002100231700002000252230524s9999 xx 000 0 und d a9788181476425 a681.2bZHA aFeng Zhao 0aWireless Sensor Networks: An Information Processing Approach a1 aNew DelhibElsevierc2016 a"xvii,358p;" aQuantity Number: 51 aComputer Science aLeonidas Guibas